All Governors of Vermont - Statistics

General Stats
  • This quiz has been taken 4 times
  • The average score is 35 of 82
Answer Stats
Years Served Party Governor % Correct
1935 - 1937 Republican Charles Manley Smith
100%
1898 - 1900 Republican Edward Curtis Smith
100%
1858 - 1860 Republican Hiland Hall
100%
1991 - 2003 Democrat Howard Dean
100%
1807 - 1808 Democratic Republican Israel Smith
100%
1863 - 1865 Republican J. Gregory Smith
100%
1985 - 1991 Democrat Madeleine Kunin
100%
2017 - Present Republican Phil Scott
100%
1959 - 1961 Republican Robert Stafford
100%
1912 - 1915 Republican Allen M. Fletcher
67%
1904 - 1906 Republican Charles J. Bell
67%
1850 - 1852 Whig Charles K. Williams
67%
1906 - 1908 Republican Fletcher D. Proctor
67%
1961 - 1963 Republican F. Ray Keyser Jr.
67%
1908 - 1910 Republican George H. Prouty
67%
2003 - 2011 Republican Jim Douglas
67%
1955 - 1959 Republican Joseph B. Johnson
67%
1945 - 1947 Republican Mortimer R. Proctor
67%
2011 - 2017 Democrat Peter Shumlin
67%
1878 - 1880 Republican Redfield Proctor
67%
1923 - 1925 Republican Redfield Proctor Jr.
67%
1977 - 1985 Republican Richard A. Snelling
67%
1991 Republican Richard A. Snelling
67%
1856 - 1858 Republican Ryland Fletcher
67%
1931 - 1935 Republican Stanley C. Wilson
67%
1941 - 1945 Republican William Henry Wills
67%
1874 - 1876 Republican Asahel Peck
33%
1848 - 1850 Whig Carlos Coolidge
33%
1890 - 1892 Republican Carroll S. Page
33%
1915 - 1917 Republican Charles W. Gates
33%
1969 - 1973 Republican Deane C. Davis
33%
1886 - 1888 Republican Ebenezer J. Ormsbee
33%
1852 - 1853 Whig Erastus Fairbanks
33%
1860 - 1861 Republican Erastus Fairbanks
33%
1947 - 1950 Republican Ernest W. Gibson Jr.
33%
1925 - 1927 Republican Franklin S. Billings
33%
1861 - 1863 Republican Frederick Holbrook
33%
1937 - 1941 Republican George Aiken
33%
1870 Republican George Whitman Hendee
33%
1950 - 1951 Republican Harold J. Arthur
33%
1876 - 1878 Republican Horace Fairbanks
33%
1917 - 1919 Republican Horace F. Graham
33%
192 - 1923 Republican James Hartness
33%
1910 - 1912 Republican John A. Mead
33%
1867 - 1869 Republican John B. Page
33%
1927 - 1931 Republican John E. Weeks
33%
1902 - 1904 Republican John G. McCullough
33%
1882 - 1884 Republican John L. Barstow
33%
1853 - 1854 Democrat John S. Robinson
33%
1870 - 1872 Republican John Wolcott Stewart
33%
1809 - 1813 Democratic Republican Jonas Galusha
33%
1815 - 1820 Democratic Republican Jonas Galusha
33%
1896 - 1898 Republican Josiah Grout
33%
1872 - 1874 Republican Julius Converse
33%
1951 - 1955 Republican Lee E. Emerson
33%
1892 - 1894 Republican Levi K. Fuller
33%
1813 - 1815 Federalist Martin Chittenden
33%
1865 - 1867 Republican Paul Dillingham
33%
1919 - 1921 Republican Percival W. Clement
33%
1869 - 1870 Republican Peter T. Washburn
33%
1963 - 1969 Democrat Philip H. Hoff
33%
1820 - 1823 Democratic Republican Richard Skinner
33%
1880 - 1882 Republican Roswell Farnham
33%
1828 - 1831 National Republican Samuel C. Crafts
33%
1835 - 1841 Whig Silas H. Jennison
33%
1791 - 1797 None Thomas Chittenden
33%
1973 - 1977 Democrat Thomas P. Salmon
33%
1894 - 1896 Republican Urban A. Woodbury
33%
1888 - 1890 Republican William P. Dillingham
33%
1844 - 1846 Whig William Slade
33%
1900 - 1902 Republican William W. Stickney
33%
1841 - 1843 Whig Charles Paine
0%
1823 - 1826 Democratic Republican Cornelius P. Van Ness
0%
1826 - 1828 National Republican Ezra Butler
0%
1846 - 1848 Whig Horace Eaton
0%
1797 - 1807 Federalist Isaac Tichenor
0%
1808 - 1809 Federalist Isaac Tichenor
0%
1843 - 1844 Whig John Mattocks
0%
1797 Democratic Republican Paul Brigham
0%
1884 - 1886 Republican Samuel E. Pingree
0%
1854 - 1856 Whig, Republican Stephen Royce
0%
1831 - 1835 National Republican William A. Palmer
0%
No matching quizzes found
Score Distribution
Percent of People with Each Score
Percentile by Number Answered
Your Score History
You have not taken this quiz